| 000 | 00668nam a2200241Ia 4500 | ||
|---|---|---|---|
| 005 | 20250508163629.0 | ||
| 008 | 008 250505s9999 xx 000 0 eng d | ||
| 020 | _a0-13-432899-X | ||
| 037 | _aTextBook | ||
| 040 |
_aFEDL _beng _cFEDL |
||
| 041 |
_aeng _2eng |
||
| 084 |
_a371.9, OLS _qFEDL |
||
| 100 |
_aOlson Judy L _9775826 |
||
| 245 | 0 | _aTeaching children and adolescents with special needs | |
| 250 | _a2 | ||
| 260 |
_aNew Jersey, USA _bPrentice - Hall _c1996 |
||
| 300 | _axi,448p | ||
| 365 |
_aUSD _b50.95 |
||
| 650 | _aSpecial Education | ||
| 700 |
_a Platt Jennifer M _9775827 |
||
| 942 |
_cTB _h371.9, OLS |
||
| 999 |
_c1384426 _d1384426 |
||